Cultivo de hortalizas : (Record no. 20647)

000 -CABECERA
fixed length control field 00893nam a22002297a 4500
003 - IDENTIFICADOR DEL NÚMERO DE CONTROL
control field AR-CdUCM
008 - DATOS DE LONGITUD FIJA--INFORMACIÓN GENERAL
fixed length control field 190601b ||||| |||| 00| 0 spa d
040 ## - FUENTE DE LA CATALOGACIÓN
Agencia/entidad que catalogó originalmente la obra MUNICIPALIDAD PROVINCIAL DEL CUSCO
Entidad que transcribió la catalogación BIBLIOTECA MUNICIPAL DEL CUSCO
082 ## - NÚMERO DE LA CLASIFICACIÓN DECIMAL DEWEY
No. de Clasificación 635.3 /
Notacion interna W74
100 ## - ENTRADA PRINCIPAL--NOMBRE DE PERSONA
Nombre Personal Winters, Harold F.
245 ## - MENCIÓN DE TÍTULO
Título Cultivo de hortalizas :
Resto del título En la región del caribe /
260 ## - PUBLICACIÓN, DISTRIBUCIÓN, ETC.
Lugar de publicación, distribución, etc. México :
Nombre de la editorial, distribuidor, etc. servicios de investigaciones agrícolas,
Fecha de publicación, distribución, etc. 1967.
300 ## - DESCRIPCIÓN FÍSICA
Nº de Páginas Extensión 114 páginas ;
Otros detalles físicos Ilustraciones,
Dimensiones 28 cm.
440 ## - MENCIÓN DE SERIE/PUNTO DE ACCESO ADICIONAL--TÍTULO
Título Manual de agricultura
Número de la parte/sección de una obra 323
9 (RLIN) 43153
505 ## - NOTA DE CONTENIDO CON FORMATO
Nota de contenido formateada Contenido : Las hortalizas en la dieta -- Cruzamientos hortícolas en los trópicos -- Relación climáticas -- Necesidades climáticas de las hortalizas...
650 ## - PUNTO DE ACCESO ADICIONAL DE MATERIA--TÉRMINO DE MATERIA
Descriptor Hortalizas
9 (RLIN) 22950
650 ## - PUNTO DE ACCESO ADICIONAL DE MATERIA--TÉRMINO DE MATERIA
Descriptor Variedades
9 (RLIN) 31964
650 ## - PUNTO DE ACCESO ADICIONAL DE MATERIA--TÉRMINO DE MATERIA
Descriptor Consumo
9 (RLIN) 7351
700 ## - PUNTO DE ACCESO ADICIONAL--NOMBRE DE PERSONA
Nombre Personal Wiskimen, George W.
9 (RLIN) 43154
942 ## - ELEMENTOS DE PUNTO DE ACCESO ADICIONAL (KOHA)
Fuente de clasificación
Tipo de item Libros-BMC
945 ## - PROCESAMIENTO DE INFORMACIÓN LOCAL (OCLC)
Catalogador rcc
Holdings
Estado de retiro (separado) Fuente de clasificación o esquema de estanterías Estado dañado Ubicación Sala donde se ubica Nombre de la colección Fecha de adquisición o compra Costo, precio normal en soles Signatura topográfica Código de Barras Última vez visto (Koha) Tipo de ítem (Koha)
No     Sala Ciencias Sala Ciencias Book Cart 2019-06-01 25.00 635.3 / W74 SC0000002084 2019-06-01 Libros-BMC

Powered by Koha